| 000 | 00829cam a22002534a 4500 | ||
|---|---|---|---|
| 001 | 12447868 | ||
| 005 | 20171219041138.0 | ||
| 008 | 010621s2001 nyu b 001 0 eng | ||
| 010 | _a 2001037771 | ||
| 020 | _a1882593413 (alk. paper) | ||
| 040 |
_aDLC _cDLC _dDLC |
||
| 041 | _aeng | ||
| 042 | _apcc | ||
| 043 | _an-us--- | ||
| 080 | _a325.73 | ||
| 082 | 0 | 0 |
_a325.73 E;D _221 |
| 100 | 1 | _a19 | |
| 101 | _aHIS | ||
| 245 | 1 | 0 |
_aCrowded land of liberty : _cby Dirk Chase Eldredge. |
| 504 | _aIncludes bibliographical references (p. 151-163) and index. | ||
| 906 |
_a7 _bcbc _corignew _d1 _eocip _f20 _gy-gencatlg |
||
| 942 |
_2ddc _cBK |
||
| 999 |
_c39149 _d39149 |
||